Bytový dom
Guardado en:
| Autor principal: | |
|---|---|
| Otros Autores: | |
| Formato: | Manuscrito Libro |
| Lenguaje: | eslovaco |
| Publicado: |
2015
|
| Materias: | |
| Acceso en línea: | http://is.stuba.sk/zp/portal_zp.pl?podrobnosti=108544 https://opac.crzp.sk/?fn=detailBiblioForm&sid=FF44C990A7CA883E4D8D50929FD7 |
| Etiquetas: |
Sin Etiquetas, Sea el primero en etiquetar este registro!
|
MARC
| LEADER | 00000ntm a22000003a 4500 | ||
|---|---|---|---|
| 001 | stuzp52388 | ||
| 003 | SK-STU | ||
| 005 | 20230818102718.2 | ||
| 007 | ta | ||
| 008 | 150427s2015----xo-----f-mn---000-0-slo-d | ||
| 040 | |a STU |b slo | ||
| 041 | 0 | |a slo | |
| 100 | 1 | |a Slosarčíková, Zuzana |u 010270 |4 aut |U SvF Stavebná fakulta |T SvF Katedra technológie stavieb |X 7473 |U V270 |Y 28 |7 7473 | |
| 242 | 0 | 1 | |a Residential building |y eng |
| 245 | 1 | 0 | |a Bytový dom |
| 260 | |c 2015 | ||
| 650 | 4 | |a projekt organizácie výstavby |2 slo | |
| 650 | 4 | |a časový plán |2 slo | |
| 650 | 4 | |a konštrukčné riešenie |2 slo | |
| 650 | 4 | |a vnútorné omietky |2 slo | |
| 650 | 4 | |a project of organization construction |2 eng | |
| 650 | 4 | |a timetable |2 eng | |
| 650 | 4 | |a construction solution |2 eng | |
| 650 | 4 | |a indoor plaster |2 eng | |
| 700 | 1 | |a Orosi, Pavol |4 ths |X 51660 |7 A000051660 | |
| 856 | 4 | |u http://is.stuba.sk/zp/portal_zp.pl?podrobnosti=108544 | |
| 856 | 4 | |u https://opac.crzp.sk/?fn=detailBiblioForm&sid=FF44C990A7CA883E4D8D50929FD7 | |
| SQL | |a stuzp52388 |b DBP |c SLO |d Bytový dom |e 7473 |f Slosarčíková, Zuzana |g 010270 |h 51660 |i Orosi, Pavol |j 20150622 |k 6 |l 01 |m http://is.stuba.sk/zp/portal_zp.pl?podrobnosti=108544 |n B-TMS |o 5.2.8. stavebníctvo | ||